Základy teorie krizového managementu II. mezinárodní aspekty krizového managementu
Na minha lista:
| Autor principal: | |
|---|---|
| Autor Corporativo: | |
| Outros Autores: | |
| Formato: | Livro |
| Idioma: | tcheco |
| Publicado em: |
Praha
VŠE v Praze, Nakladatelství Oeconomica
2003
|
| Assuntos: | |
| Tags: |
Sem tags, seja o primeiro a adicionar uma tag!
|
MARC
| LEADER | 00000nam$a2200000$$$4500 | ||
|---|---|---|---|
| 001 | 0005307 | ||
| 005 | 20240223112511.8 | ||
| 020 | |a 80-245-0552-5 | ||
| 041 | 0 | |a cze | |
| 044 | |a CZ | ||
| 245 | 1 | 0 | |a Základy teorie krizového managementu II. |b mezinárodní aspekty krizového managementu |c Emil Antušák, Zdeněk Kopecký |
| 264 | 1 | |a Praha |b VŠE v Praze, Nakladatelství Oeconomica |c 2003 | |
| 300 | |a 130 s. | ||
| 610 | 2 | 0 | |a organizácie medzinárodné |
| 610 | 2 | 0 | |a manažment krízový |
| 610 | 2 | 0 | |a Európska únia |
| 610 | 2 | 0 | |a OSN |
| 610 | 2 | 0 | |a NATO |
| 610 | 2 | 0 | |a OBSE |
| 100 | 1 | |a Antušák, Emil | |
| 700 | 1 | |a Kopecký, Zdeněk | |
| 710 | 2 | |a Vysoká škola ekonomická v Praze. Podnikohospodářská fakulta | |